000 00344nam a2200145Ia 4500
008 230718s9999 xx 000 0 und d
041 _aEng.
082 _a34202
_bAWA-I
100 _aAwam , Ambrin Tariq
245 0 _aIslamic republic 1973
260 _aPakistan
_bKausar law brother
_c2012
300 _a298
650 _aLaw
999 _c28516
_d28516